Nonlinear problems in relativity and cosmology

Αποθηκεύτηκε σε:
Λεπτομέρειες βιβλιογραφικής εγγραφής
Συγγραφή απο Οργανισμό/Αρχή: Florida Workshop in Nonlinear Astronomy
Άλλοι συγγραφείς: Detweiler, Steven (Επιμελητής έκδοσης), Buchler, J. R. (J. Robert) (Επιμελητής έκδοσης), Ipser, James R. (Επιμελητής έκδοσης)
Μορφή: Βιβλίο
Γλώσσα:English
Δημοσίευση: New York : New York Academy of Sciences, 1991
Σειρά:Annals of the New York Academy of Sciences ; ; 631
Θέματα:
Ετικέτες: Προσθήκη ετικέτας
Δεν υπάρχουν, Καταχωρήστε ετικέτα πρώτοι!

MARC

LEADER 00000nam a2200000 i 4500
001 1/74720
008 990603s1991 eng d
020 |a 0-89766-667-4 
035 |l 10049149 
040 |a GR-MY-UA  |b gre  |e aacr 
041 0 |a eng 
082 0 |a 523.1 
245 1 0 |a Nonlinear problems in relativity and cosmology /  |c edited by J. Robert Buchler, Steven L. Detweiler, and James R. Ipser 
260 |a New York :   |b New York Academy of Sciences,   |c 1991 
300 |a viii, 263 p.;  |b ill.;  |c 24 cm. 
490 1 |a Annals of the New York Academy of Sciences  |v ; 631 
500 |a The papers in this volume were presented at the Sixth Florida Workshop in Nonlinear Astronomy...which was held on October 2-4, 1990, in Gainesville, Florida 
500 |a Includes bibliographical references and index 
650 0 0 |a Cosmology  |x Congresses. 
650 0 0 |a General relativity (Physics)  |x Congresses. 
650 0 0 |a Nonlinear theories  |x Congresses. 
650 0 0 |a Astrophysics  |x Congresses. 
650 0 0 |a Astronomy  |x Congresses. 
650 0 0 |a Physics  |x Congresses. 
700 1 |a Detweiler, Steven.  |4 edt 
700 1 |a Buchler, J. R.  |q (J. Robert)  |4 edt 
700 1 |a Ipser, James R.  |4 edt 
710 2 |a Florida Workshop in Nonlinear Astronomy. 
830 0 |a Annals of the New York Academy of Sciences ;  |v ; 631 
852 |a INST  |b SAMOS  |e 19990603  |h 523.1 NON  |p 005300012749  |q 005300012749  |t BK  |y 0 
901 |a BIBL3-1999-2 
909 |a Σ  |b 063980 
922 |a 3ΕΛΗ  |b 199901  |c ΚΠΣ  |d GLORY